Among Us Farben - Bilder - Statistiken

Allgemein
  • Dieses Quiz wurde 19 mal gespielt
  • Das Durchschnittsergebnis liegt bei 12 aus 18
Antwortstatistiken
Bildquiz Antwort % Korrekt
Schwarz
89%
Gelb
83%
Grau
83%
Grün
83%
Weiß
83%
Blau
78%
Braun
78%
Orange
78%
Rot
78%
Lila
72%
Pink
72%
Türkis
72%
Banane
44%
Limette
44%
Rosé
44%
Koralle
39%
Rotbraun
39%
Sand
28%
Keine übereinstimmenden Quizze gefunden
Verteilung der Resultate
Anzahl Personen mit jedem Resultat
Perzentil nach korrekt beantworteten Fragen
Ihre Resultats-Entwicklung
Sie haben dieses Quiz noch nicht gespielt